000
00222nam a22000857a 4500
008
161017b xxu||||| |||| 00| 0 eng d
100
_9
872
_a
Stuckey.D.K.
245
_a
God Made Prayer
260
_a
USA
_b
Concordia Publications
_c
1985
999
_c
3525
_d
3525